000 01030cam a22003134i 4500
003 PE-LiUPU
005 20250731175632.0
008 150625s r 000 0 d
035 _a(Sirsi) a30957
040 _aPE-LiUPU
_bspa
_cPE-LiUPU
_erda
082 0 4 _a492.407016
_bW19
_221
100 1 _aWaldman, Nahum M.,
_eautor.
245 1 4 _aThe recent estudy of hebrew.
264 1 _a
336 _atext
_2rdacontent
337 _aunmediated
_2rdamedia
338 _avolume
_2rdacarrier
526 _aP145
526 _aP127
526 _aP97
526 _aP35
526 _aP14
526 _aP07
942 _2ddc
_cBOOK
949 _a492.407016 W19
_wDEWEY
_c1
_i37990
_lCCODEBUL1
_mBUL
_p00.00
_r0
_sY
_tBOOK
_u2015-06-25
_xBIBLIOTECA
_zUNKNOWN
_0COMPRA
_o.STAFF. Colección General
596 _a1
999 _a492.407016 W19
_wDEWEY
_c38457
_i37990
_d38457
_f2021-11-5
_g5
_lCCODEBUL1
_mBUL
_q1
_r0
_sY
_tBOOK
_u2015-6-25
_xBIBLIOTECA
_zUNKNOWN
_0COMPRA
_o.STAFF. Colección General
980 _81
_gALBERTO SANCHEZ Responsable de Automatización